ბათუმის შოთა რუსთაველის სახელმწიფო უნივერსიტეტის ბიბლიოთეკა

აუტოანთებითი პერიოდული ცხელებით მიმდინარე დაავადებები ბავშვებსა და მოზარდებში / (ბიბ.ჩანაწერი № 52494)

000 -ლიდერი
ფიქსირებული სიგრძის საკონტროლო ველი 01783nam a2200253Ia 4500
001 - საკონტროლო ნომერი
საკონტროლო ველი 19517
003 - საკონტროლო ნომრის იდენტიფიკატორი
საკონტროლო ველი GE_BSU
005 - ბოლო ოპერაციის თარიღი და დრო
საკონტროლო ველი 20210330140057.0
008 - ფიქსირებული სიგრძის მონაცემთა ელემენტები - ზოგადი ინფორმაცია
ფიქსირებული სიგრძის საკონტროლო ველი 181216s2016||||ge |||||||||||||| ||geo||
040 ## - კატალოგიზაციის წყარო
Transcribing agency GE_BSU
041 ## - ენის კოდი
Language code of text/sound track or separate title geo
080 ## - უნივერსალური ათობითი კლასიფიკაციის ინდექსი
Universal Decimal Classification number 61 შ-81
100 ## - მთავარი ჩანაწერი - პიროვნების სახელი
Personal name შონვაძე, დალი
9 (RLIN) 10846
245 ## - ცნობა სათაურის შესახებ
Title აუტოანთებითი პერიოდული ცხელებით მიმდინარე დაავადებები ბავშვებსა და მოზარდებში /
Statement of responsibility, etc დალი შოვნაძე; სამეცნიერო ხელმძღვანელი ყარამან ფაღავა, ირინე კორინთელი; თბილისის სახელმწიფო სამედიცინო უნ-ტი.
264 ## - წარმოების, გამოცემის, დისტრიბუციის და სხვა ცნობები
გამოცემის, წარმოების, დისტრიბუციის... ადგილი თბილისი :
გამოცემის, წარმოების, დისტრიბუციის... სახელწოდება თბილისის სახელმწიფო სამედიცინო უნ-ტი,
გამოცემის, წარმოების, დისტრიბუციის... თარიღი 2016.
300 ## - ფიზიკური აღწერა
Extent 145 გვ.;
Other physical details 30 სმ.
653 ## - INDEX TERM--UNCONTROLLED
Uncontrolled term აუტოანთებითი პერიოდული ცხელებით მიმდინარე დაავადებები ბავშვებსა და მოზრდილებში
653 ## - INDEX TERM--UNCONTROLLED
Uncontrolled term დისერტაცია
653 ## - INDEX TERM--UNCONTROLLED
Uncontrolled term მედიცინა
700 ## - ADDED ENTRY--PERSONAL NAME
Personal name ფაღვა, ყარამან
Relator term სამეცნიერო ხელმძღვანელი
9 (RLIN) 10847
700 ## - ADDED ENTRY--PERSONAL NAME
Personal name კორინთლი, ირინე
Relator term სამეცნიერო ხელმძღვანელი
9 (RLIN) 10848
710 ## - ADDED ENTRY--CORPORATE NAME
Corporate name or jurisdiction name as entry element თბილისის სახელმწიფო სამედიცინო უნივერსიტეტი
9 (RLIN) 9697
942 ## - ADDED ENTRY ELEMENTS (KOHA)
Koha item type წიგნი
Source of classification or shelving scheme
ეგზემპლარები
ჩამოწერის სტატუსი დაკარგული ეგზემპლარის სტატუსი კლასიფიკაციის წყარო ან თაროზე გაწყობის სქემა დაზიანების სტატუსი არ გაიცემა მუდმივი მდებარეობა (დაცვის ადგილი) ამჟამინდელი ადგილსამყოფელი თაროზე განთავსების ადგილი შეძენის თარიღი სრული შენახვის შიფრი შტრიხკოდი ბოლო ოპერაციის თარიღი ეგზემპლარის მიმდევრობითი ნომერი (კეტერი?) ფასის ძალაში შესვლის თარიღი ეგზემპლარის სახეობა
          ბათუმის შოთა რუსთაველის სახელმწიფო უნივერსიტეტის მთავარი ბიბლიოთეკა ბათუმის შოთა რუსთაველის სახელმწიფო უნივერსიტეტის მთავარი ბიბლიოთეკა წიგნსაცავი 2018-12-17 61 შ-81 262 დისერტ. 2018-12-17 262 2018-12-17 დისერტაცია